Futures past : on the semantics of historical time = Futuros pasados: En la semántica del tiempo histórico /
Uloženo v:
| Hlavní autor: | |
|---|---|
| Médium: | Neznámo |
| Jazyk: | English |
| Vydáno: |
Cambridge, Mass :
MIT Press,
c1985.
|
| Témata: | |
| Tagy: |
Přidat tag
Žádné tagy, Buďte první, kdo vytvoří štítek k tomuto záznamu!
|
MARC
| LEADER | 000000000a22000000004500 | ||
|---|---|---|---|
| 001 | 015233 | ||
| 020 | |a 0262111004 | ||
| 041 | 0 | |a eng | |
| 082 | 0 | 4 | |a 901 |b K86f |
| 100 | 1 | |a Koselleck, Reinhart | |
| 245 | 1 | 0 | |a Futures past : |b on the semantics of historical time = Futuros pasados: En la semántica del tiempo histórico / |c Reinhart Koselleck. |
| 246 | 3 | 1 | |a Futuros pasados: En la semántica del tiempo histórico |
| 260 | 1 | |a Cambridge, Mass : |b MIT Press, |c c1985. | |
| 300 | |a xxvi, 330 páginas ; |c 24 cm. | ||
| 650 | 4 | |a HISTORIA | |
| 650 | 4 | |a FILOSOFIA | |
| 650 | 4 | |a PERIODIZACION | |
| 650 | 4 | |a TERMINOLOGIA | |
| 650 | 4 | |a HISTORIOGRAFIA | |
| 500 | |a Colección George Yúdice | ||
| 999 | |c 21091 |d 21091 | ||
| 942 | |c BK |h 901 K86f |2 z | ||



